[Event "EU-ch U10"]
[Site "Bratislava"]
[Date "2019.08.06"]
[Round "5"]
[White "Rusakov, Makar"]
[Black "Chon, Jeremy"]
[Result "1-0"]
[WhiteElo "1222"]
[BlackElo "1594"]
[PlyCount "133"]
[EventDate "2019.08.02"]
[EventType "swiss"]
[EventRounds "9"]
[EventCountry "SVK"]
[SourceTitle "EXT 2020"]
[Source "ChessBase"]
[SourceDate "2019.10.17"]
[SourceVersion "1"]
[SourceVersionDate "2019.10.17"]
[SourceQuality "1"]

1. d4 e5 2. dxe5 Nc6 3. Nf3 Qe7 4. e3 Nxe5 5. Be2 d6 6. 0-0 Be6 7. b3 f6 8. Bb2 0-0-0 9. c4 g5 10. Nd4 h5 11. Nxe6 Qxe6 12. Bxh5 Kb8 13. Bxe5 Qxe5 14. Nd2 g4 15. Qxg4 Rxh5 16. Nf3 Qf5 17. Qxg8 Be7 18. Qf7 Rh7 19. Qd5 Qg6 20. Nd4 Rdh8 21. Nf3 f5 22. g3 Bf6 23. Rad1 a6 24. Rfe1 Be5 25. Kf1 Bf6 26. e4 fxe4 27. Qxe4 Qxe4 28. Rxe4 Bc3 29. Rd3 Bb4 30. Rde3 Rf7 31. Kg2 Rhf8 32. Re8+ Rxe8 33. Rxe8+ Ka7 34. h4 Bc5 35. Re2 b5 36. Ng5 Rf8 37. f4 bxc4 38. bxc4 a5 39. Kf3 Kb6 40. Rb2+ Kc6 41. Rb5 a4 42. Ne6 Rh8 43. Nxc5 dxc5 44. Ra5 Kd6 45. Rxa4 c6 46. Ra3 Kd7 47. Rd3+ Ke6 48. Re3+ Kd7 49. Re5 Kd6 50. h5 Rh6 51. g4 Rh7 52. Kg3 Rh6 53. Kh4 Rf6 54. Kg5 Rf7 55. Rf5 Rg7+ 56. Kh4 Rh7 57. g5 Rh8 58. h6 Rg8 59. Kh5 Kd7 60. h7 Re8 61. g6 Ke6 62. Re5+ Kd7 63. Rxe8 Kxe8 64. h8Q+ Kd7 65. g7 Ke6 66. g8Q+ Kf5 67. Qe5# 1-0

[Event "Wch U10 rapid"]
[Site "Minsk"]
[Date "2018.06.22"]
[Round "2"]
[White "Rusakov, Makar"]
[Black "Saveljev, Ivan"]
[Result "0-1"]
[WhiteElo "1309"]
[BlackElo "1792"]
[PlyCount "91"]
[EventDate "2018.06.22"]
[EventType "swiss (rapid)"]
[EventRounds "9"]
[EventCountry "BLR"]
[SourceTitle "EXT 2019"]
[Source "ChessBase"]
[SourceDate "2018.10.10"]
[SourceVersion "1"]
[SourceVersionDate "2018.10.10"]
[SourceQuality "1"]

1. d4 d5 2. c4 c6 3. Nc3 Nf6 4. e3 e6 5. Qc2 Bd6 6. Nf3 Nbd7 7. Bd3 0-0 8. 0-0 Re8 9. c5 Bc7 10. e4 dxe4 11. Nxe4 Nxe4 12. Bxe4 h6 13. Rd1 Qf6 14. Be3 e5 15. d5 cxd5 16. Bxd5 Nb8 17. Qb3 Nc6 18. Nh4 Rb8 19. g3 Bg4 20. f3 Be6 21. Bxe6 Rxe6 22. Kf2 Nd4 23. Bxd4 exd4 24. Qd3 Rd8 25. Re1 Re5 26. Ng2 Rde8 27. Nf4 Rxe1 28. Rxe1 Rxe1 29. Kxe1 Bxf4 30. gxf4 Qxf4 31. Qe2 Qc1+ 32. Kf2 Qxc5 33. Qe8+ Qf8 34. Qe4 Qb4 35. Qe8+ Kh7 36. Qxf7 Qxb2+ 37. Kg3 Qb1 38. Qd5 Qg6+ 39. Kf2 d3 40. Qe4 Qxe4 41. fxe4 Kg6 42. Ke3 Kf6 43. a3 a5 44. h4 g5 45. hxg5+ hxg5 46. Kf3 0-1